| 000 | 00788nam a22002417a 4500 | ||
|---|---|---|---|
| 005 | 20100802153714.0 | ||
| 010 | _aENG-97817 | ||
| 020 |
_a9788189107710 _c250.00 |
||
| 035 | _aEN-81350 | ||
| 037 | _bDBAD/PUB | ||
| 082 | _a658.4092 | ||
| 100 |
_aClemmer,Jim _94448 |
||
| 245 |
_aLeaders Digest / _cby Jim Clemmer |
||
| 260 |
_aBhopal _bIndra Publication _c2009 |
||
| 270 |
_aE-5/21, Area Colony _bBhopal _e462016 |
||
| 300 |
_a224p _c23cm(pbk) |
||
| 500 | _aincludes index | ||
| 650 |
_aleadership _94449 |
||
| 650 |
_amanagement _94450 |
||
| 650 |
_ateam in the work places _94451 |
||
| 942 |
_2ddc _cEN _h658.4092 _mCLE |
||
| 999 |
_c38751 _d38751 |
||